000 00347nam a2200133Ia 4500
008 240624s9999 xx 000 0 und d
041 _aeng
082 _a303.6250954 RAM
100 _aRAMAN B
245 _aKAOBOYS OF R AW DOWN MEMORY LANE
260 _c2007
_aNew Delhi
_bLancer Publishers
300 _aix, : 294 : p. : cm. ; 23
365 _cRS
_b20
999 _c7709
_d7709